Statistics for Movies by Quotes - Angelina Jolie

Click here to take the quiz!

General Stats

  • This quiz has been taken 11 times
  • The average score is 14 of 30

Answer Stats

HintAnswer% Correct
2001Lara Croft: Tomb Raider
91%
2005Mr. & Mrs. Smith
91%
1999Girl, Interrupted
82%
2000Gone In Sixty Seconds
82%
2008Kung Fu Panda
82%
"Well, we can do it my way, or we can all come back in time for the next alignment and you're welcome to try and kill me then, in oh, say, another 5,000 years?"Lara Croft
82%
2014Maleficent
82%
"Listen well, all of you. The princess shall indeed grow in grace and beauty, in sweetness and wisdom and generosity, adored by all who meet her."Maleficent
82%
2008Wanted
82%
"Please let me go home. Please, I'm not who you think I am. I'm really not who you think I am. Please. Please, I'm not a spy."Evelyn Salt
73%
"I thought I told you not to bother me at the office, honey."Jane Smith
73%
2010Salt
73%
2021Eternals
64%
2008Changeling
55%
1995Hackers
55%
"Your father was one of the greatest assassins who ever lived. The man who killed him is behind you."Fox
36%
"You don't know what freedom is! I'm free! I can breathe! And you... you're gonna choke on your average fucking mediocre life!"Lisa
36%
1999The Bone Collector
36%
"We have loved these people since the day we arrived. When you love something, you protect it."Thena
36%
2010The Tourist
36%
"It is said that the Dragon Warrior can survive for months at a time on nothing but the dew of a single ginko leaf and the energy of the universe."Tigress (voice)
27%
"What, you think that because of your condition you have the right to boss people around? I'm sorry, but that is truly pathetic."Amelia Donaghy
18%
"So, what are you doing in the city of lovers? Is there no one in your life?"Elise Clifton-Ward
18%
2021Those Who Wish Me Dead
18%
"What do you think is more exciting... having sex or stealing cars?"Sara 'Sway' Wayland
9%
"Joseph Sullivan, I was sure you'd be dead by now."Captain Francesca 'Franky' Cook
0%
"I used to tell Walter, "Never start a fight... but always finish it." I didn't start this fight... but by God, I'm going to finish it."Christine Collins
0%
"I am a mother pheasant plucker. I pluck mother pheasant. I am the most pleasant mother pheasant plucker that's ever plucked mother pheasant."Hannah
0%
"I hope you don't screw like you type."Kate
0%
2004Sky Captain And The World Of Tomorrow
0%

Score Distribution

Percentile by Number Answered

Percent of People with Each Score

Your Score History

You have not taken this quiz